| 000 | 00797nam a2200229 i 4500 | ||
|---|---|---|---|
| 001 | 88718 | ||
| 003 | ES-MaACL | ||
| 005 | 20260217063012.0 | ||
| 007 | t| | ||
| 008 | 050105s1926 sp ||||1| spa d | ||
| 100 | 1 |
_aLaquerrière, Albert, _d1874-1945 _970195 |
|
| 245 | 1 | 0 |
_aRayos X y cuerpos radiactivos / _cpor A. Laquerriere ; traducción de los doctores, Antonio Piga... y Joaquín J. Freixinet. |
| 260 |
_aMadrid : _b[s.n., _c1926] ( _fImp. Cervantina) |
||
| 300 |
_aX, 165 p. : _bil. ; _c17 cm. |
||
| 490 | 1 | _aColección A. Cantonnet | |
| 650 | 7 |
_aRadiología _2embne _9140316 |
|
| 700 | 0 |
_aPiga y Pascual, Antonio. _991988 |
|
| 700 | 1 |
_aFreixinet, J. _952492 |
|
| 830 | 0 |
_aColección A. Cantonnet _9186449 |
|
| 852 |
_aES-MaACL _jB-9758 _bR.18497 |
||
| 999 |
_c88718 _d88718 |
||